| Поле | Название | Значение |
| |
Тип записи |
c |
| |
Библиографический уровень |
m |
| 001 |
Контрольный номер |
RU/УОНБ/EK_N/469451006 |
| 005 |
Дата корректировки |
20251126141712.4 |
| 010 |
Индекс ISBN |
__ |
| 9 |
Тираж |
20000 экз. |
| 013 |
Номер (ISMN) |
__ |
| d |
Цена |
70 к. |
| 071 |
Издательские номер (звукозапись и ноты) |
21 |
| a |
Номер, присвоенный агентством |
13800 |
| 100 |
Данные общей обработки |
__ |
| a |
Данные общей обработки |
20141116d1988 u y0rusy0189 ca |
| 101 |
Язык документа |
0_ |
| a |
Язык текста |
rus |
| f |
Язык титульного листа |
rus |
| 102 |
Страна публикации |
__ |
| a |
Страна публикации |
RU |
| 125 |
Кодированные данные звукозаписи и нотных изданий |
__ |
| a |
Форма изложения нотного текста |
с |
| 128 |
Кодированные данные (звукозаписи-физические характеристики) |
__ |
| a |
Кодированные данные: Музыкальная форма и тональность или лад |
zz |
| c |
Инструменты или голоса, рекомендуемые для солистов (устаревшее) |
kt |
| 200 |
Заглавие и сведения об ответственности |
1_ |
| a |
Заглавие |
Вып. 2 |
| 203 |
Вид содержания и тип средства |
__ |
| a |
Вид содержания |
Музыка |
| b |
Характеристика содержания |
знаковая |
| c |
Тип средства |
непосредственная |
| 210 |
Выходные данные |
1_ |
| d |
Дата издания |
1988 |
| 215 |
Физическое описание |
__ |
| a |
Объем |
96 c. |
| 327 |
Примечание о содержании |
11 |
| a |
Примечание о содержании |
Содерж.: Мартынов Е. Земля цветов / сл. И. Шаферана. Ханок Э. Вы шумите, березы / сл. Н. Гилевича ; пер. А. Прокофьева. Боганов В. Снег седины / сл. В. Бокова. Мажуков А. Улетела птичья стая / сл. Я. Гальперина. Темнов В. Веселая кадриль / сл. О. Левицкого ; Ярмарка / сл. Б. Шифрина ; А он - ничей / сл. С. Абрамова. Переселенцев В. Родная песня / сл. И. Шамова. Протасов М. Русская тройка / сл. Я. Шабловского. Аедоницкий П. Деревенские вечера / сл. И. Романовского. Сариев В. Лодка-моторка ; Реки-горы / сл. Л. Дымовой. Френкель Я. Страдание : из кф. "Белые росы" / сл. М. Танича. Хренников Т. Березка / сл. С. Есенина. Черкасский В. Тропа любви моей / сл. Л. Черенковой. Пономаренко Г. Цветет черемуха к похолоданию / сл. Т. Коршиловой. Агафонов О. От росы до росы / сл. С. Бенке. Зацарный Ю. Заиграй, сыграй, тальяночка... / сл. С. Есенина. Что ты жадно глядишь на дорогу / обраб. В. Накапкина ; сл. Н. Некрасова. Шишкин М. Ночь светла / обраб. В. Накапкина ; сл. неизв. автора. Глинка М. Жаворонок. Жилин А. Вальс. Делиб Л. Пиццикато из балета "Сильвия". Дунаевский И. Краковяк : из музыки к кф. "Кубанские казаки". Новиков А. Молодежный хоровод. Куканов В. За околицей : вальс. Накапкин В. Кадрильная полька ; Задушевные страдания. Савичева Н. Воспоминание. Бухвостов В. На селе гармонь играет. Коростылев В. Наигрыш. Гусев В. Веселый танец. Полянка : рус. нар. танец / обраб. Д. Самойлова. Гопак : укр. нар. танец / обраб. В. Накапкина. Канаев Н. Сельский вальс |
| 461 |
Уровень набора |
_0 |
| 1 |
|
2001 |
| a |
|
Баян играет на селе |
| e |
|
популярные песни, пьесы и танцы |
| e |
|
[для баяна соло и с надписанным текстом] |
| f |
|
составитель В. Накапкин |
| v |
|
Вып. 2 |
| 1 |
|
2101 |
| a |
|
Москва |
| c |
|
Музыка |
| d |
|
1987 - |
| 1 |
|
001RU/УОНБ/EK_N/469450781 |
| 1 |
|
2251 |
| a |
|
Художественной самодеятельности |
| 464 |
Аналитический уровень |
_0 |
| 1 |
|
036 |
| t |
|
Радуга, как будто вдруг упала радуга... |
| 1 |
|
700 1 |
| a |
|
Мартынов |
| b |
|
Е. |
| 1 |
|
702 1 |
| a |
|
Шаферан |
| b |
|
И. |
| 4 |
|
520 |
| 1 |
|
2001 |
| a |
|
Земля цветов |
| 464 |
Аналитический уровень |
_0 |
| 1 |
|
036 |
| t |
|
Вы шумите, шумите... |
| 1 |
|
700 1 |
| a |
|
Ханок |
| b |
|
Э. |
| 1 |
|
702 1 |
| a |
|
Гилевич |
| b |
|
Н |
| 4 |
|
520 |
| 1 |
|
702 1 |
| a |
|
Прокофьев |
| b |
|
А. |
| 4 |
|
730 |
| 1 |
|
2001 |
| a |
|
Вы шумите, березы |
| 464 |
Аналитический уровень |
_0 |
| 1 |
|
036 |
| t |
|
Снег на ромашке, снег на рябине... |
| 1 |
|
700 1 |
| a |
|
Боганов |
| b |
|
В. |
| 1 |
|
702 1 |
| a |
|
Боков |
| b |
|
В. |
| 4 |
|
520 |
| 1 |
|
2001 |
| a |
|
Снег седины |
| 464 |
Аналитический уровень |
_0 |
| 1 |
|
036 |
| t |
|
Крылом укрывшись, дремлет птица... |
| 1 |
|
700 1 |
| a |
|
Мажуков |
| b |
|
А. |
| 1 |
|
702 1 |
| a |
|
Гальперин |
| b |
|
Я. |
| 4 |
|
520 |
| 1 |
|
2001 |
| a |
|
Улетела птичья стая |
| 464 |
Аналитический уровень |
_0 |
| 1 |
|
700 1 |
| a |
|
Темнов |
| b |
|
В. |
| 1 |
|
702 1 |
| a |
|
Левицкий |
| b |
|
О. |
| 4 |
|
520 |
| 1 |
|
2001 |
| a |
|
Веселая кадриль |
| 464 |
Аналитический уровень |
_0 |
| 1 |
|
036 |
| t |
|
За рекой Окою... |
| 1 |
|
700 1 |
| a |
|
Переселенцев |
| b |
|
В. |
| 1 |
|
702 1 |
| a |
|
Шамова |
| b |
|
И. |
| 4 |
|
520 |
| 1 |
|
2001 |
| a |
|
Родная песня |
| 464 |
Аналитический уровень |
_0 |
| 1 |
|
036 |
| t |
|
Распушился по дорогам добрый снег... |
| 1 |
|
700 1 |
| a |
|
Протасов |
| b |
|
М. |
| 1 |
|
702 1 |
| a |
|
Шабловский |
| b |
|
Я. |
| 4 |
|
520 |
| 1 |
|
2001 |
| a |
|
Русская тройка |
| 464 |
Аналитический уровень |
_0 |
| 1 |
|
036 |
| t |
|
По тропинке, не спеша... |
| 1 |
|
700 1 |
| a |
|
Аедоницкий |
| b |
|
П. |
| 1 |
|
702 1 |
| a |
|
Романовский |
| b |
|
И. |
| 4 |
|
520 |
| 1 |
|
2001 |
| a |
|
Деревенские вечера |
| 464 |
Аналитический уровень |
_0 |
| 1 |
|
036 |
| t |
|
Воздух знойный и горький... |
| 1 |
|
700 1 |
| a |
|
Сариев |
| b |
|
В. |
| 1 |
|
702 1 |
| a |
|
Дымова |
| b |
|
Л. |
| 4 |
|
520 |
| 1 |
|
2001 |
| a |
|
Лодка-моторка |
| 464 |
Аналитический уровень |
_0 |
| 1 |
|
700 1 |
| a |
|
Френкель |
| b |
|
Я. |
| 1 |
|
702 1 |
| a |
|
Танич |
| b |
|
М. |
| 4 |
|
520 |
| 1 |
|
2001 |
| a |
|
Страдание |
| e |
|
из кф. "Белые росы" |
| 1 |
|
50010 |
| a |
|
Белые росы |
| 464 |
Аналитический уровень |
_0 |
| 1 |
|
036 |
| t |
|
Зеленая прическа... |
| 1 |
|
700 1 |
| a |
|
Хренников |
| b |
|
Т. |
| 1 |
|
702 1 |
| a |
|
Есенин |
| b |
|
С. |
| 4 |
|
520 |
| 1 |
|
2001 |
| a |
|
Березка |
| 464 |
Аналитический уровень |
_0 |
| 1 |
|
036 |
| t |
|
Она была не хожена... |
| 1 |
|
700 1 |
| a |
|
Черкасский |
| b |
|
В. |
| 1 |
|
702 1 |
| a |
|
Черенкова |
| b |
|
Л. |
| 4 |
|
520 |
| 1 |
|
2001 |
| a |
|
Тропа любви моей |
| 464 |
Аналитический уровень |
_0 |
| 1 |
|
036 |
| t |
|
Я не поверила в примету давнюю... |
| 1 |
|
700 1 |
| a |
|
Пономаренко |
| b |
|
Г. |
| 1 |
|
702 1 |
| a |
|
Коршилова |
| b |
|
Т. |
| 4 |
|
520 |
| 1 |
|
2001 |
| a |
|
Цветет черемуха к похолоданию |
| 464 |
Аналитический уровень |
_0 |
| 1 |
|
700 1 |
| a |
|
Агафонов |
| b |
|
О. |
| 1 |
|
702 1 |
| a |
|
Бенке |
| b |
|
С. |
| 4 |
|
520 |
| 1 |
|
2001 |
| a |
|
От росы до росы |
| 464 |
Аналитический уровень |
_0 |
| 1 |
|
036 |
| t |
|
Заиграй, сыграй, тальяночка, малиновы меха... |
| 1 |
|
700 1 |
| a |
|
Зацарный |
| b |
|
Ю. |
| 1 |
|
702 1 |
| a |
|
Есенин |
| b |
|
С. |
| 4 |
|
520 |
| 1 |
|
2001 |
| a |
|
Заиграй, сыграй, тальяночка... |
| 464 |
Аналитический уровень |
_0 |
| 1 |
|
702 1 |
| a |
|
Накапкин |
| b |
|
В. |
| 4 |
|
030 |
| 1 |
|
702 1 |
| a |
|
Некрасов |
| b |
|
Н. |
| 4 |
|
520 |
| 1 |
|
2001 |
| a |
|
Что ты жадно глядишь на дорогу |
| 464 |
Аналитический уровень |
_0 |
| 1 |
|
036 |
| t |
|
Ночь светла, над рекой тихо светит луна... |
| 1 |
|
700 1 |
| a |
|
Шишкин |
| b |
|
М. |
| 1 |
|
702 1 |
| a |
|
Слова неизвестного автора |
| 4 |
|
520 |
| 1 |
|
702 1 |
| a |
|
Накапкин |
| b |
|
В. |
| 4 |
|
030 |
| 1 |
|
2001 |
| a |
|
Ночь светла |
| 464 |
Аналитический уровень |
_0 |
| 1 |
|
702 1 |
| a |
|
Глинка |
| b |
|
М. |
| 1 |
|
2001 |
| a |
|
Жаворонок |
| 464 |
Аналитический уровень |
_0 |
| 1 |
|
700 1 |
| a |
|
Жилин |
| b |
|
А. |
| 1 |
|
2001 |
| a |
|
Вальс |
| 464 |
Аналитический уровень |
_0 |
| 1 |
|
700 1 |
| a |
|
Делиб |
| b |
|
Л. |
| 1 |
|
2001 |
| a |
|
Пиццикато из балета "Сильвия" |
| 1 |
|
50010 |
| a |
|
Сильвия |
| 464 |
Аналитический уровень |
_0 |
| 1 |
|
700 1 |
| a |
|
Дунаевский |
| b |
|
И. |
| 1 |
|
2001 |
| a |
|
Краковяк |
| e |
|
из музыки к кф. "Кубанские казаки" |
| 1 |
|
50010 |
| a |
|
Кубанские казаки |
| 464 |
Аналитический уровень |
_0 |
| 1 |
|
700 1 |
| a |
|
Новиков |
| b |
|
А. |
| 1 |
|
2001 |
| a |
|
Молодежный хоровод |
| 464 |
Аналитический уровень |
_0 |
| 1 |
|
700 1 |
| a |
|
Куканов |
| b |
|
В. |
| 1 |
|
2001 |
| a |
|
За околицей |
| e |
|
вальс |
| 464 |
Аналитический уровень |
_0 |
| 1 |
|
700 1 |
| a |
|
Накапкин |
| b |
|
В. |
| 1 |
|
2001 |
| a |
|
Кадрильная полька |
| 464 |
Аналитический уровень |
_0 |
| 1 |
|
700 1 |
| a |
|
Савичева |
| b |
|
Н. |
| 1 |
|
2001 |
| a |
|
Воспоминание |
| 464 |
Аналитический уровень |
_0 |
| 1 |
|
700 1 |
| a |
|
Бухвостов |
| b |
|
В. |
| 1 |
|
2001 |
| a |
|
На селе гармонь играет |
| 464 |
Аналитический уровень |
_0 |
| 1 |
|
700 1 |
| a |
|
Коростылев |
| b |
|
В. |
| 1 |
|
2001 |
| a |
|
Наигрыш |
| 464 |
Аналитический уровень |
_0 |
| 1 |
|
700 1 |
| a |
|
Гусев |
| b |
|
В. |
| 1 |
|
200 1 |
| a |
|
Веселый танец |
| 464 |
Аналитический уровень |
_0 |
| 1 |
|
702 1 |
| a |
|
Самойлов |
| b |
|
Д. |
| 4 |
|
030 |
| 1 |
|
2001 |
| a |
|
Полянка |
| e |
|
рус. нар. танец |
| 464 |
Аналитический уровень |
_0 |
| 1 |
|
702 1 |
| a |
|
Накапкин |
| b |
|
В. |
| 4 |
|
030 |
| 1 |
|
2001 |
| a |
|
Гопак |
| e |
|
укр. нар. танец |
| 464 |
Аналитический уровень |
_0 |
| 1 |
|
700 1 |
| a |
|
Канаев |
| b |
|
Н. |
| 1 |
|
2001 |
| a |
|
Сельский вальс |
| 464 |
Аналитический уровень |
_0 |
| 1 |
|
036 |
| t |
|
Шире круг, эй, шире круг... |
| 1 |
|
700 1 |
| a |
|
Темнов |
| b |
|
В. |
| 1 |
|
702 1 |
| a |
|
Шифрин |
| b |
|
Б. |
| 4 |
|
520 |
| 1 |
|
2001 |
| a |
|
Ярмарка |
| 464 |
Аналитический уровень |
_0 |
| 1 |
|
036 |
| t |
|
По гладким камушкам... |
| 1 |
|
700 1 |
| a |
|
Темнов |
| b |
|
В. |
| 1 |
|
702 1 |
| a |
|
Абрамов |
| b |
|
С. |
| 4 |
|
520 |
| 1 |
|
2001 |
| a |
|
А он - ничей |
| 464 |
Аналитический уровень |
_0 |
| 1 |
|
036 |
| t |
|
Гудок прощальный... |
| 1 |
|
700 1 |
| a |
|
Сариев |
| b |
|
В. |
| 1 |
|
702 1 |
| a |
|
Дымова |
| b |
|
Л. |
| 4 |
|
520 |
| 1 |
|
2001 |
| a |
|
Реки-горы |
| 464 |
Аналитический уровень |
_0 |
| 1 |
|
700 1 |
| a |
|
Накапкин |
| b |
|
В. |
| 1 |
|
2001 |
| a |
|
Задушевные страдания |
| 606 |
Тематические рубрики |
0_ |
| a |
Основная рубрика |
Баян |
| x |
Основная подрубрика |
Песни |
| x |
Основная подрубрика |
Пьесы |
| x |
Основная подрубрика |
Танцы |
| 610 |
Ключевые слова |
0_ |
| a |
Ключевые слова |
баян |
| 610 |
Ключевые слова |
0_ |
| a |
Ключевые слова |
песни |
| 610 |
Ключевые слова |
0_ |
| a |
Ключевые слова |
пьесы |
| 610 |
Ключевые слова |
0_ |
| a |
Ключевые слова |
танцы |
| 686 |
Индексы других классификаций |
__ |
| a |
Классификационный индекс |
85.954.6-09я43 |
| 2 |
Код системы |
rubbk |
| 801 |
Источник записи |
_0 |
| a |
Страна |
RU |
| b |
Организация |
Ульяновская ОНБ |
| c |
Дата составления |
20141116 |
| g |
Правила каталогизации |
RCR |
| 801 |
Источник записи |
_1 |
| a |
Страна |
RU |
| b |
Организация |
Ульяновская ОНБ |
| c |
Дата составления |
20141116 |
| g |
Правила каталогизации |
RCR |
| 901 |
Тип документа |
__ |
| t |
Тип документа |
n |
| w |
Контрольный № источника |
RU/УОНБ/EK_N/469450781 |
| 909 |
Создатель записи |
__ |
| a |
Создатель записи |
Никитина Т. А. |
| 910 |
Корректоры записи |
__ |
| a |
Корректор записи |
Грязнова И. Е. |
| b |
Дата внесения изменения в запись |
20251126 |